Quizzes
Events
Quiz Creation
Community
Videos
Private Events
Remove Ads
Sign In
Join for FREE
Feedback
Dark Mode
Quiz Categories
Sports
Geography
Music
Movies
Television
Just For Fun
Miscellaneous
History
Literature
Language
Science
Gaming
Entertainment
Religion
Holiday
For Kids
Quiz Lab
Recent
Popular Today
Quiz Kudos Today
Editor Picks
Curator Picks
Quizzes by...
Day
Popularity
Type
Ratings
Length
Year
Community
Subscriptions
Recent Discussions
Orange Saloon
Badges
Playlists
Quests
Create
Leaderboards
Showdown
Live 5
Trivia Bingo
Activity
Puzzle Library
Sporcle Events
Private Events
Virtual Trivia
Globe League
Become a Host
Pub Owners
SporcleCon
Opinionation
Our Games
Videos
Blog
Mobile Apps
Partnerships
Remove Ads and Go Orange
Feedback
Geography
Country
Landmarks
City
State
Population
World
Capital
Continent
Flags
Europe
Africa
Asia
South America
North America
Oceania
Border
Canada
United Kingdom
Topography
United States
Geography
Country
Landmarks
City
State
Population
World
Capital
Continent
Flags
Europe
Africa
Asia
South America
North America
Oceania
Border
Canada
United Kingdom
Topography
United States
Random Quiz
Search Sporcle
×
Quiz Lab
Quiz Lab
Geography
Country
Type in answers that appear in a list
Type in answers that appear in a list
Classic
Best Score? Go Orange.
The Least of Them: Economic Inflation Stats
Can you name the Them Least of Them: Economic Inflation?
By
Drahmee
5m
20 Questions
182 Plays
182 Plays
182 Plays
Comments
Comments
Give Quiz Kudos
Give Quiz Kudos
-
- Ratings
hide this ad
Replay
Link that replays current quiz
Next Quiz
Link to next quiz in quiz playlist
You Got
0%
They Got
Avg Score
21%
Avg Friend Score
Upgrade to see
Score Distribution
Jump to the score distribution portion of the page
Score
0/20
Timer
05:00
0
Plays Today
Ranking
Country with Worst Inflation
% Correct
1
Zimbabwe
90.1%
9
Iran
36.8%
7
Kenya
31.9%
19
Pakistan
30.2%
2
Ethiopia
29.1%
4
Venezuela
25.3%
14
Vietnam
25.3%
10
Ukraine
19.2%
11
Cambodia
18.7%
13
Burundi
18.1%
Ranking
Country with Worst Inflation
% Correct
5
Mongolia
15.4%
15
Sri Lanka
15.4%
12
Kyrgyzstan
13.2%
17
Azerbaijan
12.6%
20
Nicaragua
12.6%
18
Tajikistan
11.5%
16
Jamaica
8.2%
6
Burma
7.7%
3
Seychelles
7.1%
8
Sao Tome and Principe
4.9%
Quiz Playlist
Details
Report
Send in Message
Add To Playlist
Classic:
Type in answers that appear in a list
Quiz Source
Last Updated: Feb 16, 2017
Quiz Scoreboard
CHALLENGE
Sign Up to Join the Scoreboard
Show All
Scores
Hide
Comments
May contain spoilers
Recently Published
Pick 6: Fruits
by JohnFran
Miscellaneous
15s
Click the 1999 NBA Draft
by nibperrychub
Sports
2m
Alphabetical 'K' Countries by Flag Minefield
by ylime102
Geography
3m
More to Explore
Quiz From the Vault
Featured Blog Post
15 Basketball Trivia Facts You Can Be March Mad About
hide this ad
You Might Also Like...
Tags
Country Quiz
annual
economics
inflation
least
Worst
Today's Top Quizzes in Geography
Browse Geography
hide this ad
Today's Top Quizzes in Country
Browse Country
Top Contributed Quizzes in Geography
1
Countries of the World - No Outlines Minefield
2
Alphabetical 'L' Countries By Flag Minefield
3
Pick 6: Mountains
4
Pick 6: US States
5
Complete the Map Snippet (Minefield) IX
6
Pick 6: National Parks
7
Find the Landmarks A-Z
8
Erase Asia (No Outlines or Skips)
9
Least Populated Answer: 'G' Countries
10
Complete the Map Snippet (Minefield) XIV
Explore More
Trending Topics
Kpop
Disney
Anime
NBA
Marvel
Crossword
Harry Potter
The Office
WWE
Pokémon
Song
Country
Puzzle
Soccer
NFL
hide this ad
More By:
Drahmee
Quiz
Plays
Rating
Category
Featured
Created
The Least of Them: Life Expectancy
714
4.31
Geography
Nov 30, 2009
The Least of Them: HIV/AIDS Infection
269
3.80
Geography
Dec 1, 2009
The Least of Them: Economic Inflation
182
5.00
Geography
Dec 1, 2009
The Least of Them: Infant Mortality
165
4.00
Geography
Nov 28, 2009
The Least of Them: Fertility Rate
129
5.00
Geography
Dec 1, 2009
Go to Creator's Profile
Score Distribution
Quiz Creator Spotlight
Drahmee
Follow
Send a Message
Quizzes Created
-
Created Quiz Play Count
-
More By This Creator
Popular Quizzes Today
1
Find the US States - No Outlines Minefield
2
Countries of Asia Without Outlines Minefield
3
Pick 6: Fruits
4
The Countries of the World
5
Alphabetical 'K' Countries by Flag Minefield
6
Find the US States
7
Match the Book to the Film X
8
Click the 1999 NBA Draft
More Geography Quizzes
Find the German States - Ultimate Minefield
Quiz Lab
Trending Quizzes
Pick 6: Harry Potter
Pick 6: Mountains
Pick 6: NFL Teams
Pick 6: Movie Franchises
Pick 6: Golfers
Recently Updated
Women's Final Four Teams by Year
bhenderson79
Presidents Quartet II
eogle
Anything But Clue(do)
eogle
Anything But Oceanian Capitals
eogle
Anything But 7
eogle
Anything But Thing
eogle
Word Ladder: February 29
pecheneg
Song Title Questions
pecheneg
Women's NCAA Tournament #1 Seeds
pecheneg
Celebrity Mug Shots
pecheneg
Trending Topics
Kpop
Marvel
Disney
NBA
Crossword
Harry Potter
Anime
The Office
WWE
Puzzle
NFL
Soccer
Song
Country
Pokémon
Your Account Isn't Verified!
In order to create a playlist on Sporcle, you need to verify the email address you used during registration. Go to your
Sporcle Settings
to finish the process.
Report this User
Report this user for behavior that violates our
Community Guidelines
.
Details:
Send Report
Go to the Sporcle.com Mobile Site →
Comments